<?xml version="1.0" encoding="UTF-8"?>
<record
    xmlns:xsi="http://www.w3.org/2001/XMLSchema-instance"
    xsi:schemaLocation="http://www.loc.gov/MARC21/slim http://www.loc.gov/standards/marcxml/schema/MARC21slim.xsd"
    xmlns="http://www.loc.gov/MARC21/slim">

  <leader>01415nam a2200361 i 4500</leader>
  <controlfield tag="003">EG-GICUC</controlfield>
  <controlfield tag="005">20260121101158.0</controlfield>
  <controlfield tag="008">251109s1971    ua ||||fr|||| 00| 0 ara d</controlfield>
  <datafield tag="040" ind1=" " ind2=" ">
    <subfield code="a"> EG-GICUC</subfield>
    <subfield code="c"> EG-GICUC</subfield>
    <subfield code="d"> EG-GICUC</subfield>
    <subfield code="e">rda</subfield>
    <subfield code="b">ara</subfield>
  </datafield>
  <datafield tag="041" ind1=" " ind2=" ">
    <subfield code="a">ara</subfield>
  </datafield>
  <datafield tag="082" ind1="0" ind2="4">
    <subfield code="2">21</subfield>
    <subfield code="a">345.20566</subfield>
    <subfield code="b">&#x623; &#x646; . &#x625;</subfield>
  </datafield>
  <datafield tag="092" ind1="0" ind2="4">
    <subfield code="2">21</subfield>
  </datafield>
  <datafield tag="099" ind1=" " ind2=" ">
    <subfield code="a">Law1 07 345.20566 &#x623; &#x646; . &#x625; 1971 </subfield>
  </datafield>
  <datafield tag="100" ind1="0" ind2=" ">
    <subfield code="a">&#x623;&#x646;&#x637;&#x648;&#x627;&#x646; &#x645;&#x634;&#x639;&#x644;&#x627;&#x646;&#x64A;</subfield>
    <subfield code="e">&#x645;&#x624;&#x644;&#x641;.</subfield>
  </datafield>
  <datafield tag="245" ind1="1" ind2="0">
    <subfield code="a">&#x625;&#x639;&#x62F;&#x627;&#x62F; &#x627;&#x644;&#x645;&#x648;&#x638;&#x641;&#x64A;&#x646; &#x648;&#x62A;&#x62F;&#x631;&#x64A;&#x628;&#x647;&#x645; &#x641;&#x64A; &#x644;&#x628;&#x646;&#x627;&#x646; /</subfield>
    <subfield code="c">&#x625;&#x639;&#x62F;&#x627;&#x62F; &#x623;&#x646;&#x637;&#x648;&#x627;&#x646; &#x645;&#x634;&#x639;&#x644;&#x627;&#x646;&#x64A;&#x60C; &#x62D;&#x633;&#x646; &#x62D;&#x644;&#x628;&#x64A;.</subfield>
  </datafield>
  <datafield tag="264" ind1=" " ind2="1">
    <subfield code="a">&#x627;&#x644;&#x642;&#x627;&#x647;&#x631;&#x629; :</subfield>
    <subfield code="b">&#x62C;&#x627;&#x645;&#x639;&#x629; &#x627;&#x644;&#x62F;&#x648;&#x644; &#x627;&#x644;&#x639;&#x631;&#x628;&#x64A;&#x629;-&#x627;&#x644;&#x645;&#x646;&#x638;&#x645;&#x629; &#x627;&#x644;&#x639;&#x631;&#x628;&#x64A;&#x629; &#x644;&#x644;&#x639;&#x644;&#x648;&#x645; &#x627;&#x644;&#x625;&#x62F;&#x627;&#x631;&#x64A;&#x629;&#x60C; &#x645;&#x631;&#x643;&#x632; &#x627;&#x644;&#x628;&#x62D;&#x648;&#x62B; &#x627;&#x644;&#x625;&#x62F;&#x627;&#x631;&#x64A;&#x629;&#x60C;</subfield>
    <subfield code="c">1971.</subfield>
  </datafield>
  <datafield tag="300" ind1=" " ind2=" ">
    <subfield code="a">63 &#x635;&#x641;&#x62D;&#x629; &#x61B;</subfield>
    <subfield code="c">24 &#x633;&#x645;.</subfield>
  </datafield>
  <datafield tag="336" ind1=" " ind2=" ">
    <subfield code="2">rda content</subfield>
    <subfield code="a">text</subfield>
  </datafield>
  <datafield tag="337" ind1=" " ind2=" ">
    <subfield code="2">rda media</subfield>
    <subfield code="a">Computer</subfield>
  </datafield>
  <datafield tag="338" ind1=" " ind2=" ">
    <subfield code="2">rda carrier</subfield>
    <subfield code="a">Online Resource</subfield>
  </datafield>
  <datafield tag="490" ind1=" " ind2=" ">
    <subfield code="v">92</subfield>
  </datafield>
  <datafield tag="500" ind1=" " ind2=" ">
    <subfield code="a">&#x64A;&#x634;&#x62A;&#x645;&#x644; &#x639;&#x644;&#x649; &#x645;&#x62C;&#x645;&#x648;&#x639;&#x629; &#x645;&#x646; &#x627;&#x644;&#x645;&#x633;&#x62A;&#x646;&#x62F;&#x627;&#x62A;</subfield>
  </datafield>
  <datafield tag="546" ind1=" " ind2=" ">
    <subfield code="a">&#x627;&#x644;&#x646;&#x635; &#x628;&#x627;&#x644;&#x644;&#x63A;&#x629; &#x627;&#x644;&#x639;&#x631;&#x628;&#x64A;&#x629;</subfield>
  </datafield>
  <datafield tag="650" ind1="1" ind2="4">
    <subfield code="2">qrmak</subfield>
    <subfield code="a">&#x627;&#x644;&#x642;&#x627;&#x646;&#x648;&#x646; &#x627;&#x644;&#x625;&#x62F;&#x627;&#x631;&#x64A;</subfield>
  </datafield>
  <datafield tag="650" ind1="1" ind2="4">
    <subfield code="2">qrmak</subfield>
    <subfield code="a">&#x627;&#x644;&#x645;&#x648;&#x638;&#x641;&#x648;&#x646;</subfield>
    <subfield code="x">&#x62A;&#x62F;&#x631;&#x64A;&#x628;</subfield>
  </datafield>
  <datafield tag="650" ind1="1" ind2="4">
    <subfield code="2">qrmak</subfield>
    <subfield code="a">&#x627;&#x644;&#x645;&#x648;&#x638;&#x641;&#x648;&#x646;</subfield>
    <subfield code="x">&#x625;&#x62E;&#x62A;&#x64A;&#x627;&#x631;</subfield>
  </datafield>
  <datafield tag="651" ind1="1" ind2="4">
    <subfield code="a">&#x644;&#x628;&#x646;&#x627;&#x646;</subfield>
  </datafield>
  <datafield tag="700" ind1=" " ind2=" ">
    <subfield code="a">&#x62D;&#x633;&#x646; &#x62D;&#x644;&#x628;&#x64A;</subfield>
    <subfield code="e">&#x645;&#x624;&#x644;&#x641; &#x645;&#x634;&#x627;&#x631;&#x643;.</subfield>
  </datafield>
  <datafield tag="830" ind1=" " ind2=" ">
    <subfield code="0"> </subfield>
  </datafield>
  <datafield tag="856" ind1="4" ind2="0">
    <subfield code="u">https://fll.law.cu.edu.eg/fulltext/bks/B07-00131.pdf</subfield>
  </datafield>
  <datafield tag="905" ind1=" " ind2=" ">
    <subfield code="a">Wesam Mahmoud</subfield>
    <subfield code="e">Eman</subfield>
  </datafield>
  <datafield tag="942" ind1=" " ind2=" ">
    <subfield code="2">ddc</subfield>
    <subfield code="n">0</subfield>
    <subfield code="c">BK</subfield>
    <subfield code="e">21</subfield>
  </datafield>
  <datafield tag="999" ind1=" " ind2=" ">
    <subfield code="c">41826</subfield>
    <subfield code="d">41826</subfield>
  </datafield>
  <datafield tag="952" ind1=" " ind2=" ">
    <subfield code="0">0</subfield>
    <subfield code="1">0</subfield>
    <subfield code="2">ddc</subfield>
    <subfield code="4">0</subfield>
    <subfield code="7">1</subfield>
    <subfield code="8">&#x627;&#x644;&#x642;&#x627;&#x646;&#x648;&#x646; &#x627;&#x644;&#x625;&#x62F;&#x627;&#x631;&#x64A;</subfield>
    <subfield code="a">CU</subfield>
    <subfield code="b">LAW1</subfield>
    <subfield code="d">2025-11-09</subfield>
    <subfield code="l">0</subfield>
    <subfield code="o">Law1 07 345.20566 &#x623; &#x646; . &#x625; 1971 0700131 C1</subfield>
    <subfield code="p">B07-00131</subfield>
    <subfield code="r">2025-11-09 11:35:12</subfield>
    <subfield code="t">1</subfield>
    <subfield code="w">2025-11-09</subfield>
    <subfield code="y">BK</subfield>
  </datafield>
  <datafield tag="952" ind1=" " ind2=" ">
    <subfield code="0">0</subfield>
    <subfield code="1">0</subfield>
    <subfield code="2">ddc</subfield>
    <subfield code="4">0</subfield>
    <subfield code="7">0</subfield>
    <subfield code="8">&#x627;&#x644;&#x642;&#x627;&#x646;&#x648;&#x646; &#x627;&#x644;&#x625;&#x62F;&#x627;&#x631;&#x64A;</subfield>
    <subfield code="a">CU</subfield>
    <subfield code="b">LAW1</subfield>
    <subfield code="d">2025-11-18</subfield>
    <subfield code="l">0</subfield>
    <subfield code="o">Law1 07 345.20566 &#x623; &#x646; . &#x625; 1971 0700098 C2</subfield>
    <subfield code="p">B07-00098</subfield>
    <subfield code="r">2025-11-18 18:54:14</subfield>
    <subfield code="t">2</subfield>
    <subfield code="w">2025-11-18</subfield>
    <subfield code="y">BK</subfield>
  </datafield>
</record>
